| 000 | 00760nam a2200205 4500 | ||
|---|---|---|---|
| 001 | 120011 | ||
| 003 | ES-MaACL | ||
| 005 | 20231228190628.0 | ||
| 007 | t| | ||
| 008 | 070214s1948 sp r ||||1| spa d | ||
| 100 | 1 |
_aPérez Serrano, Nicolás, _d1890-1961 _991160 |
|
| 245 | 1 | 3 |
_aLa fijación de la renta en dinero y la nulidad de los arriendos rústicos / _cpor Nicolás Pèrez Serrano. |
| 260 |
_aMadrid : _b[Escuela Social de Madrid], _c1948 ( _fGráf. Barragán) |
||
| 300 |
_a41 p. ; _c24 cm. |
||
| 594 | _aPrecede al tít.: Ministerio de Trabajo. Escuela Social de Madrid. | ||
| 650 | 4 |
_aArrendamiento rústico- _zEspaña. _9168997 |
|
| 710 | 2 |
_aEscuela Social de Madrid. _93593 |
|
| 852 |
_aES-MaACL _j1883-F-19 |
||
| 999 |
_c120011 _d120011 |
||